| 000 | 00519nam a22001937a 4500 | ||
|---|---|---|---|
| 003 | NUST - PNEC | ||
| 005 | 20170116180755.0 | ||
| 008 | 150401b xxu||||| |||| 00| 0 eng d | ||
| 020 | _a0930473116 | ||
| 040 | _cLIBRARY | ||
| 082 | _a358.10151 | ||
| 100 |
_92007 _a Eckler, A. Ross |
||
| 245 |
_a Mathematical models of target coverage _c Eckler, A. Ross |
||
| 250 | _a- | ||
| 260 |
_aU S A _bMORS _cC 2001 |
||
| 300 | _a254 . : | ||
| 650 |
_92008 _aMathematical models of target coverage _xMIS |
||
| 942 |
_2ddc _cBK |
||
| 999 |
_c62704 _d62704 |
||